[Event "St Petersburg Korchnoi Memorial op"]
[Site "St Petersburg"]
[Date "2019.08.21"]
[Round "8"]
[White "Prokopchuk, Yury"]
[Black "Miroshnik, Ekaterina"]
[Result "0-1"]
[WhiteElo "2228"]
[BlackElo "2096"]
[PlyCount "64"]
[EventDate "2019.08.14"]
[EventType "swiss"]
[EventRounds "9"]
[EventCountry "RUS"]
[SourceTitle "CBM 192"]
[Source "ChessBase"]
[SourceDate "2019.10.31"]
[SourceVersion "1"]
[SourceVersionDate "2019.10.31"]
[SourceQuality "1"]

1. d4 d5 2. Bg5 Nf6 3. Nd2 e6 4. e3 Be7 5. Bd3 c5 6. c3 Nbd7 7. f4 b6 8. Ngf3 Bb7 9. Ne5 a6 10. 0-0 0-0 11. Qf3 g6 12. Bh6 Re8 13. g4 Bf8 14. Bg5 Bg7 15. Qh3 Qc7 16. Bh6 Bh8 17. Ndf3 Ne4 18. Nxd7 Qxd7 19. Ne5 Qc7 20. g5 f5 21. gxf6 Bxf6 22. Ng4 Bg7 23. Bxg7 Qxg7 24. Bxe4 dxe4 25. dxc5 bxc5 26. Rfd1 Re7 27. Qh4 Kh8 28. Qg5 Bd5 29. b3 c4 30. bxc4 Bxc4 31. Rd4 Bd5 32. Ne5 Rf8 0-1

[Event "St Petersburg Korchnoi Memorial op"]
[Site "St Petersburg"]
[Date "2019.08.16"]
[Round "3"]
[White "Titov, Alexander"]
[Black "Prokopchuk, Yury"]
[Result "0-1"]
[WhiteElo "1961"]
[BlackElo "2228"]
[PlyCount "82"]
[EventDate "2019.08.14"]
[EventType "swiss"]
[EventRounds "9"]
[EventCountry "RUS"]
[SourceTitle "CBM 192"]
[Source "ChessBase"]
[SourceDate "2019.10.31"]
[SourceVersion "1"]
[SourceVersionDate "2019.10.31"]
[SourceQuality "1"]

1. d4 Nf6 2. Bf4 b6 3. c3 Bb7 4. Nd2 g6 5. e3 Bg7 6. h3 c5 7. Ngf3 0-0 8. Bd3 d6 9. Qe2 Nbd7 10. 0-0 Re8 11. Bh2 e5 12. dxe5 dxe5 13. e4 Nh5 14. Ba6 Bc6 15. Bb5 Qc7 16. Bxc6 Qxc6 17. a4 Nf4 18. Qb5 Qe6 19. Rfd1 Nf6 20. a5 Red8 21. b4 Bf8 22. Ng5 Qe7 23. bxc5 N6h5 24. Ngf3 Qxc5 25. Qxc5 Bxc5 26. Kf1 Nd3 27. Nb3 f6 28. Rd2 Ndf4 29. g4 Rxd2 30. Nfxd2 Ng7 31. Bxf4 exf4 32. Nxc5 bxc5 33. Rb1 Rd8 34. Nc4 f3 35. Kg1 Ne6 36. Rb7 Ng5 37. Rxa7 Nxe4 38. Ne3 Rd2 39. a6 Nxf2 40. Rb7 Nxh3+ 41. Kf1 Ra2 0-1

[Event "St Petersburg Korchnoi Memorial op"]
[Site "St Petersburg"]
[Date "2019.08.14"]
[Round "1"]
[White "Timirev, Sergey"]
[Black "Prokopchuk, Yury"]
[Result "0-1"]
[WhiteElo "1682"]
[BlackElo "2228"]
[PlyCount "80"]
[EventDate "2019.08.14"]
[EventType "swiss"]
[EventRounds "9"]
[EventCountry "RUS"]
[SourceTitle "CBM 192"]
[Source "ChessBase"]
[SourceDate "2019.10.31"]
[SourceVersion "1"]
[SourceVersionDate "2019.10.31"]
[SourceQuality "1"]

1. d4 d5 2. c4 dxc4 3. Nf3 c5 4. e3 cxd4 5. Qxd4 Qxd4 6. Nxd4 Bd7 7. Bxc4 Nc6 8. Nxc6 Bxc6 9. 0-0 e6 10. Nc3 a6 11. a4 Nf6 12. b3 0-0-0 13. Rd1 Rxd1+ 14. Nxd1 Bb4 15. f3 Rd8 16. Nf2 Nd5 17. e4 Bc3 18. Rb1 Nb4 19. Bb2 Bxb2 20. Rxb2 b5 21. axb5 axb5 22. Be2 Kb7 23. Kf1 Kb6 24. Ke1 Kc5 25. Rd2 Ra8 26. Nd3+ Nxd3+ 27. Bxd3 Kb4 28. Bc2 Ra2 29. Bd1 Rxd2 30. Kxd2 e5 31. Kc2 Ka3 32. Kc3 b4+ 33. Kc4 Bd7 34. Kd5 Be6+ 35. Kxe5 Bxb3 36. Be2 Bc2 37. Bc4 b3 38. Bxb3 Kxb3 39. Kf5 Kc4 40. f4 Kd4 0-1

[Event "Moscow-ch final"]
[Site "Moscow"]
[Date "2019.04.05"]
[Round "7"]
[White "Prokopchuk, Yury"]
[Black "Smirnov, Timofey"]
[Result "0-1"]
[WhiteElo "2237"]
[BlackElo "2347"]
[PlyCount "94"]
[EventDate "2019.03.30"]
[EventType "swiss"]
[EventRounds "9"]
[EventCountry "RUS"]
[SourceTitle "CBM 189 Extra"]
[Source "ChessBase"]
[SourceDate "2019.06.03"]
[SourceVersion "1"]
[SourceVersionDate "2019.06.03"]
[SourceQuality "1"]

1. d4 d5 2. Bf4 c5 3. e3 Nc6 4. c3 Nf6 5. Nf3 Qb6 6. Qc2 Bg4 7. Nbd2 e6 8. Ne5 Bf5 9. Bd3 Bxd3 10. Nxd3 c4 11. Ne5 Nxe5 12. Bxe5 Nd7 13. Bg3 Be7 14. e4 0-0 15. 0-0 Qc6 16. a4 b6 17. Rfe1 Rfe8 18. Re2 Nf6 19. f3 Nh5 20. exd5 exd5 21. Rae1 Bg5 22. Nf1 g6 23. Re5 Bf6 24. R5e3 Rxe3 25. Rxe3 Re8 26. Kf2 Bg5 27. Rxe8+ Qxe8 28. b4 cxb3 29. Qxb3 Qc6 30. Ne3 Bxe3+ 31. Kxe3 a6 32. Kd3 b5 33. axb5 axb5 34. Kc2 Ng7 35. Qa3 Nf5 36. Bf2 Qc4 37. Kd2 Qf1 38. Qa8+ Kg7 39. Bg3 Qxg2+ 40. Kc1 Qxf3 41. Kb2 Ne3 42. Qb8 Nd1+ 43. Kc1 Nxc3 44. Be5+ f6 45. Qc7+ Kh6 46. Bxf6 Qd1+ 47. Kb2 Qb1+ 0-1

[Event "Chigorin Memorial 26th"]
[Site "St Petersburg"]
[Date "2018.10.30"]
[Round "4"]
[White "Kuznetsov, Mikhail1111"]
[Black "Prokopchuk, Yury"]
[Result "1-0"]
[WhiteElo "1882"]
[BlackElo "2275"]
[PlyCount "120"]
[EventDate "2018.10.27"]
[EventType "swiss"]
[EventRounds "9"]
[EventCountry "RUS"]
[SourceTitle "CBM 187 Extra"]
[Source "ChessBase"]
[SourceDate "2018.11.04"]
[SourceVersion "1"]
[SourceVersionDate "2018.11.04"]
[SourceQuality "1"]

1. d4 Nf6 2. c4 e6 3. Nf3 b6 4. g3 Bb7 5. Bg2 Be7 6. 0-0 0-0 7. Nc3 Ne4 8. Bd2 Bf6 9. Rc1 d6 10. Qc2 Nxd2 11. Qxd2 Nd7 12. Rfd1 g6 13. e4 Bg7 14. Qd3 Qe7 15. h4 c5 16. d5 Ne5 17. Qe2 Nxf3+ 18. Bxf3 e5 19. h5 Bh6 20. Rb1 f5 21. hxg6 hxg6 22. Kg2 Kg7 23. Rh1 Rh8 24. Rh2 Rh7 25. Rbh1 Rah8 26. Qc2 Bc8 27. Qa4 Bd2 28. Rxh7+ Rxh7 29. Rxh7+ Kxh7 30. Qc2 Bxc3 31. Qxc3 f4 32. Qe1 Qg5 33. Qc1 Bd7 34. a3 Kh6 35. b3 b5 36. Qc3 bxc4 37. Qxc4 fxg3 38. fxg3 Qd2+ 39. Qe2 Qa5 40. Qe3+ g5 41. Qc1 Bb5 42. Bg4 Kg6 43. a4 Ba6 44. Qe3 Qd8 45. Bf5+ Kg7 46. Qd2 Kh6 47. Qd1 Qe8 48. Qf3 c4 49. bxc4 Bxc4 50. Be6 Kg7 51. Qa3 Qf8 52. Bf5 Qb8 53. Qc1 Kf6 54. Qxc4 Qb2+ 55. Kh3 Qb1 56. Qe2 Qh1+ 57. Kg4 Qc1 58. Qf3 Kg7 59. Be6 Qc7 60. Qf5 Qe7 1-0

[Event "Moscow-ch final"]
[Site "Moscow"]
[Date "2018.03.30"]
[Round "7"]
[White "Prokopchuk, Yury"]
[Black "Naumkin, Igor"]
[Result "1-0"]
[WhiteElo "2267"]
[BlackElo "2422"]
[PlyCount "77"]
[EventDate "2018.03.24"]
[EventType "swiss"]
[EventRounds "9"]
[EventCountry "RUS"]
[SourceTitle "CBM 183 Extra"]
[Source "ChessBase"]
[SourceDate "2018.04.19"]
[SourceVersion "1"]
[SourceVersionDate "2018.04.19"]
[SourceQuality "1"]

1. d4 e6 2. g3 f5 3. Bg2 Nf6 4. c4 Be7 5. Nd2 0-0 6. b3 d6 7. Bb2 Qe8 8. Ngf3 Nc6 9. 0-0 Qh5 10. Qc2 Bd7 11. e4 e5 12. dxe5 dxe5 13. Nh4 f4 14. Nf5 Bc5 15. gxf4 exf4 16. Qd1 Qe8 17. Qf3 Ne5 18. Qxf4 Nd3 19. Qg3 Bxf5 20. Bxf6 Rxf6 21. exf5 Rd8 22. Ne4 Rxf5 23. Nxc5 Nxc5 24. Rae1 Qf7 25. Bd5 Rfxd5 26. cxd5 Rxd5 27. Re5 Rxe5 28. Qxe5 Qg6+ 29. Qg3 Qf7 30. Re1 h6 31. Re5 b6 32. Qg4 Nd7 33. Re3 Nc5 34. Rf3 Qe8 35. Qc4+ Kh8 36. Qf7 Qc6 37. Re3 Nd7 38. Re8+ Kh7 39. Qf5+ 1-0

[Event "Moscow-ch final"]
[Site "Moscow"]
[Date "2018.03.28"]
[Round "5"]
[White "Antonov, Alexandr1111"]
[Black "Prokopchuk, Yury"]
[Result "1-0"]
[WhiteElo "2254"]
[BlackElo "2267"]
[PlyCount "97"]
[EventDate "2018.03.24"]
[EventType "swiss"]
[EventRounds "9"]
[EventCountry "RUS"]
[SourceTitle "CBM 183 Extra"]
[Source "ChessBase"]
[SourceDate "2018.04.19"]
[SourceVersion "1"]
[SourceVersionDate "2018.04.19"]
[SourceQuality "1"]

1. e4 d5 2. exd5 Qxd5 3. Nc3 Qa5 4. d4 Nf6 5. Nf3 Bf5 6. Ne5 c6 7. Nc4 Qd8 8. Bf4 e6 9. Ne3 Bg6 10. h4 h6 11. h5 Bh7 12. Qf3 Bd6 13. Be5 Bxe5 14. dxe5 Nd5 15. 0-0-0 0-0 16. Ne4 Qa5 17. Rh3 Nd7 18. Ng4 Qxa2 19. Nxh6+ gxh6 20. Qg4+ Kh8 21. Ra3 Rg8 22. Qh4 Qxa3 23. bxa3 Nxe5 24. Nd6 Rg4 25. Qh2 f6 26. Qh3 f5 27. Qh2 f4 28. Qh3 Bf5 29. Nxf5 exf5 30. c4 Nb6 31. Rd6 Kh7 32. Re6 Nbd7 33. Qc3 Rf8 34. Rxe5 Nxe5 35. Qxe5 Rf7 36. Bd3 Rg5 37. c5 Rxh5 38. Qe6 Rg7 39. Bxf5+ Rxf5 40. Qxf5+ Kg8 41. Qxf4 Kh7 42. g4 Rg5 43. Qe4+ Kg8 44. Qe8+ Kh7 45. Qf7+ Kh8 46. Qxb7 Rxc5+ 47. Kd1 a5 48. Qb8+ Kh7 49. Qa7+ 1-0

[Event "Moscow-ch final"]
[Site "Moscow"]
[Date "2018.03.24"]
[Round "1"]
[White "Vorobiov, Evgeny E"]
[Black "Prokopchuk, Yury"]
[Result "1/2-1/2"]
[WhiteElo "2548"]
[BlackElo "2267"]
[PlyCount "75"]
[EventDate "2018.03.24"]
[EventType "swiss"]
[EventRounds "9"]
[EventCountry "RUS"]
[SourceTitle "CBM 183 Extra"]
[Source "ChessBase"]
[SourceDate "2018.04.19"]
[SourceVersion "1"]
[SourceVersionDate "2018.04.19"]
[SourceQuality "1"]

1. d4 d5 2. c4 dxc4 3. Nf3 c5 4. d5 Nf6 5. Nc3 e6 6. e4 exd5 7. e5 Ne4 8. Nxe4 dxe4 9. Qxd8+ Kxd8 10. Ng5 Be6 11. Nxe6+ fxe6 12. Bxc4 Nc6 13. Bf4 Nd4 14. 0-0-0 Kc7 15. Rhe1 b5 16. Bf1 a6 17. Rxe4 Be7 18. g3 g5 19. Be3 Nf5 20. Bd2 Kb6 21. Bh3 Rhf8 22. f4 gxf4 23. Bxf4 Rad8 24. Ree1 Rd4 25. Bxf5 Rxf5 26. Rxd4 cxd4 27. Kc2 Kc6 28. Kd3 Kd5 29. Rc1 Bc5 30. b4 Bxb4 31. Rc7 h5 32. Rd7+ Kc6 33. Ra7 Rf8 34. Rh7 Kd5 35. Rd7+ Kc6 36. Rh7 Kd5 37. Rd7+ Kc6 38. Rh7 1/2-1/2

[Event "Kaluga Tsiolkovsky Memorial op"]
[Site "Kaluga"]
[Date "2012.08.08"]
[Round "9"]
[White "Prokopchuk, Yury"]
[Black "Grishin, Grigory G"]
[Result "1-0"]
[WhiteElo "2319"]
[BlackElo "2250"]
[PlyCount "143"]
[EventDate "2012.07.30"]
[EventType "swiss"]
[EventRounds "9"]
[EventCountry "RUS"]
[SourceTitle "EXT 2014"]
[Source "ChessBase"]
[SourceDate "2013.11.20"]
[SourceVersion "1"]
[SourceVersionDate "2013.11.20"]
[SourceQuality "1"]

1. Nf3 Nf6 2. c4 e6 3. g3 b6 4. Bg2 Bb7 5. 0-0 c5 6. Nc3 Be7 7. d4 cxd4 8. Qxd4 0-0 9. Rd1 Nc6 10. Qf4 Qb8 11. Qxb8 Rfxb8 12. Nb5 Rd8 13. Nd6 Bxd6 14. Rxd6 Ne8 15. Rd1 d6 16. b3 Rd7 17. Bb2 Rad8 18. Rd2 Kf8 19. Rad1 Ke7 20. e4 f6 21. Ne1 Nc7 22. Nc2 Na6 23. Ba3 Nc5 24. f4 Nb8 25. Re1 a5 26. Nd4 Nc6 27. Nb5 Nb8 28. Re3 Bc6 29. Nd4 Bb7 30. Rde2 Nc6 31. Nxc6+ Bxc6 32. e5 Bxg2 33. Bxc5 bxc5 34. exf6+ Kxf6 35. Rxe6+ Kf7 36. Kxg2 a4 37. R6e3 Ra8 38. Rd2 axb3 39. axb3 Ra3 40. Kf3 g6 41. Kg4 Kf6 42. Red3 Ra6 43. h3 h5+ 44. Kf3 Rb6 45. g4 hxg4+ 46. hxg4 Ke6 47. Re2+ Kf7 48. g5 Rdb7 49. Ree3 Ra7 50. Ke4 Ra1 51. Rh3 Kg7 52. Kd5 Rf1 53. Rhf3 Re1 54. Rfe3 Rf1 55. Re7+ Kf8 56. Re6 Rxf4 57. Rxg6 Kf7 58. Rf6+ Rxf6 59. gxf6 Kxf6 60. Re3 Kf7 61. Re1 Kf6 62. Re6+ Kf7 63. Rxd6 Rxb3 64. Kxc5 Rc3 65. Rd4 Ke7 66. Kc6 Rh3 67. c5 Rh5 68. Kb6 Rh1 69. c6 Rb1+ 70. Kc7 Ke6 71. Rd2 Kf7 72. Kd7 1-0

[Event "Kaluga Tsiolkovsky Memorial op"]
[Site "Kaluga"]
[Date "2012.08.05"]
[Round "6"]
[White "Provotorov, Alexandr P"]
[Black "Prokopchuk, Yury"]
[Result "0-1"]
[WhiteElo "2361"]
[BlackElo "2319"]
[PlyCount "84"]
[EventDate "2012.07.30"]
[EventType "swiss"]
[EventRounds "9"]
[EventCountry "RUS"]
[SourceTitle "EXT 2014"]
[Source "ChessBase"]
[SourceDate "2013.11.20"]
[SourceVersion "1"]
[SourceVersionDate "2013.11.20"]
[SourceQuality "1"]

1. d4 Nf6 2. c4 e6 3. Nf3 b6 4. e3 Bb7 5. Bd3 Be7 6. 0-0 0-0 7. Nc3 d5 8. b3 Nbd7 9. Bb2 c5 10. Rc1 cxd4 11. exd4 Rc8 12. Qe2 Bd6 13. Rfd1 Re8 14. Ne5 a6 15. Na4 dxc4 16. bxc4 Qc7 17. f4 Bf8 18. Kh1 Qb8 19. Qf2 Qa8 20. f5 b5 21. Nxd7 Nxd7 22. fxe6 Rxe6 23. d5 Rh6 24. Rf1 Nf6 25. Nb6 Qb8 26. g3 Bc5 27. Bd4 Bxb6 28. Bxb6 bxc4 29. Bf5 Bxd5+ 30. Kg1 Re8 31. Rce1 g6 32. Rxe8+ Qxe8 33. Re1 Qc6 34. Be3 Rh5 35. g4 Rh3 36. Bd4 Rf3 37. Qb2 c3 38. Qb8+ Kg7 39. Be4 Bxe4 40. g5 c2 41. Qb2 Qc8 42. Bxf6+ Kg8 0-1

[Event "Moscow op-A"]
[Site "Moscow"]
[Date "2012.02.04"]
[Round "8"]
[White "Prokopchuk, Yury"]
[Black "Sundararajan, Kidambi"]
[Result "0-1"]
[WhiteElo "2331"]
[BlackElo "2474"]
[PlyCount "166"]
[EventDate "2012.01.28"]
[EventType "swiss"]
[EventRounds "9"]
[EventCountry "RUS"]
[SourceTitle "CBM 146 Extra"]
[Source "ChessBase"]
[SourceDate "2012.02.29"]
[SourceVersion "1"]
[SourceVersionDate "2012.02.29"]
[SourceQuality "1"]

1. Nf3 Nf6 2. c4 b6 3. g3 c5 4. Bg2 Bb7 5. 0-0 g6 6. Nc3 Bg7 7. d4 cxd4 8. Qxd4 d6 9. Rd1 Nbd7 10. Qh4 Rc8 11. Bh6 Bxh6 12. Qxh6 Bxf3 13. Bxf3 Rxc4 14. Rac1 Ne5 15. Nb5 Rc5 16. Nxa7 Nxf3+ 17. exf3 Qa8 18. b4 Rxc1 19. Rxc1 Qxf3 20. Rc8+ Kd7 21. Rxh8 Qd1+ 22. Kg2 Qd5+ 23. f3 Ng4 24. Rd8+ Ke6 25. Qh3 Qxa2+ 26. Kg1 Qf2+ 27. Kh1 Qxf3+ 28. Qg2 Qd1+ 29. Qg1 Qf3+ 30. Qg2 Qd1+ 31. Qg1 Qe2 32. h3 Nf2+ 33. Kg2 Ng4+ 34. Kh1 Ne3 35. h4 Qf3+ 36. Kh2 Qe2+ 37. Kh1 Qf3+ 38. Kh2 g5 39. Rg8 Qe2+ 40. Kh1 Qf3+ 41. Kh2 g4 42. Rxg4 Nxg4+ 43. Kh3 Ne5 44. Qc1 Qg4+ 45. Kg2 Qe4+ 46. Kh3 f5 47. b5 Qg4+ 48. Kg2 Qc4 49. Qb2 Qe4+ 50. Kg1 Qe3+ 51. Kh2 Ng4+ 52. Kg2 Qe4+ 53. Kg1 Ne5 54. Nc6 Nxc6 55. bxc6 Qxc6 56. Qh8 Qc5+ 57. Kg2 Qd5+ 58. Kg1 Qd1+ 59. Kg2 Qe2+ 60. Kg1 Qe3+ 61. Kg2 Qe4+ 62. Kh2 f4 63. Qg8+ Kd7 64. Qg4+ Kc7 65. gxf4 b5 66. Qg5 b4 67. Qa5+ Kd7 68. Qa7+ Ke6 69. Kg3 b3 70. Qb8 Qd3+ 71. Kg4 Qf5+ 72. Kg3 Qd3+ 73. Kg4 Kf7 74. h5 Qe2+ 75. Kh4 Qf2+ 76. Kg4 Qg2+ 77. Kh4 b2 78. Qb3+ d5 79. Qd1 Qe4 80. h6 Qxf4+ 81. Kh5 Qf5+ 82. Kh4 b1Q 83. Qg1 Qbe4+ 0-1

[Event "Moscow op-A"]
[Site "Moscow"]
[Date "2012.01.29"]
[Round "2"]
[White "Lu, Shanglei"]
[Black "Prokopchuk, Yury"]
[Result "1-0"]
[WhiteElo "2516"]
[BlackElo "2331"]
[PlyCount "135"]
[EventDate "2012.01.28"]
[EventType "swiss"]
[EventRounds "9"]
[EventCountry "RUS"]
[SourceTitle "CBM 146 Extra"]
[Source "ChessBase"]
[SourceDate "2012.02.29"]
[SourceVersion "1"]
[SourceVersionDate "2012.02.29"]
[SourceQuality "1"]

1. e4 d5 2. exd5 Qxd5 3. Nc3 Qd6 4. d4 Nf6 5. Nf3 c6 6. Ne5 Nbd7 7. Nc4 Qc7 8. Qf3 Nb6 9. Ne5 Qd6 10. Be3 Be6 11. a3 Nbd5 12. Bd3 g6 13. Bg5 Bg7 14. Ne2 0-0 15. c4 Nc7 16. Bd2 Nd7 17. Nxd7 Qxd7 18. h3 Rac8 19. Bc3 b5 20. b3 bxc4 21. bxc4 Ne8 22. Rc1 Nd6 23. Bb4 Nf5 24. Bxf5 Bxf5 25. 0-0 Rfe8 26. Rfd1 Qc7 27. Ng3 e6 28. Bc5 h5 29. d5 cxd5 30. cxd5 Qa5 31. Nxf5 exf5 32. Bb4 Qb5 33. d6 Qd7 34. Rxc8 Rxc8 35. Qe2 Bf6 36. Ba5 Bd8 37. Bxd8 Rxd8 38. h4 Qc6 39. Qd3 Rd7 40. Qd4 Qe4 41. Qf6 Qe6 42. Qb2 Kh7 43. Qb4 Kg7 44. a4 Qe4 45. Rd4 Qc6 46. a5 Qc1+ 47. Kh2 Qc2 48. Rd2 Qe4 49. Qb2+ Kh7 50. g3 Qc6 51. Qe5 Qe4 52. Qb5 Qe6 53. Qc6 f4 54. a6 fxg3+ 55. fxg3 Kg7 56. Qc5 Kh7 57. Qd4 Qg4 58. Kg2 Qxd4 59. Rxd4 Kg7 60. Kf3 Kf6 61. Kf4 Ke6 62. Kg5 Ke5 63. Rd2 Ke4 64. Kf6 Kf3 65. Rd3+ Kg4 66. Ke5 g5 67. hxg5 Kxg5 68. Kd5 1-0

[Event "Moscow-ch sf"]
[Site "Moscow"]
[Date "2010.03.18"]
[Round "8"]
[White "Reshetnikov, Alexey"]
[Black "Prokopchuk, Yury"]
[Result "1-0"]
[WhiteElo "2447"]
[BlackElo "2265"]
[PlyCount "73"]
[EventDate "2010.03.06"]
[EventType "swiss"]
[EventRounds "9"]
[EventCountry "RUS"]
[SourceTitle "CBM 135 Extra"]
[Source "ChessBase"]
[SourceDate "2010.05.04"]
[SourceVersion "1"]
[SourceVersionDate "2010.05.04"]
[SourceQuality "1"]

1. e4 Nf6 2. e5 Nd5 3. d4 d6 4. Nf3 dxe5 5. Nxe5 c6 6. Be2 Bf5 7. 0-0 Nd7 8. Nf3 h6 9. c4 Nb4 10. Nc3 Nc2 11. Rb1 Nb4 12. Be3 Bxb1 13. Qxb1 e6 14. a3 Na6 15. d5 e5 16. Rd1 c5 17. d6 g6 18. b4 Rc8 19. Qe4 Bg7 20. Qxb7 Nab8 21. Nd5 Rc6 22. Nc7+ Kf8 23. b5 Rb6 24. Qxa7 Qc8 25. Qa8 Qb7 26. Qxb7 Rxb7 27. Nd2 Ra7 28. Nb3 Rxa3 29. Nxc5 Ra2 30. Nxd7+ Nxd7 31. Bf3 Bf6 32. c5 Nxc5 33. Bxc5 Kg7 34. d7 Rc2 35. Ne8+ Kh7 36. Nxf6+ Kg7 37. Ne8+ 1-0

[Event "Moscow op 10"]
[Site "Moscow"]
[Date "2009.10.29"]
[Round "8"]
[White "Elishev, Ivan"]
[Black "Prokopchuk, Yury"]
[Result "1/2-1/2"]
[WhiteElo "2240"]
[BlackElo "2275"]
[PlyCount "110"]
[EventDate "2009.10.17"]
[EventType "swiss"]
[EventRounds "9"]
[EventCountry "RUS"]
[SourceTitle "EXT 2010"]
[Source "ChessBase"]
[SourceDate "2010.11.25"]
[SourceVersion "1"]
[SourceVersionDate "2010.11.25"]
[SourceQuality "1"]

1. e4 Nf6 2. e5 Nd5 3. d4 d6 4. c4 Nb6 5. exd6 exd6 6. Nc3 Be7 7. h3 0-0 8. Nf3 Bf5 9. Be2 Bf6 10. 0-0 Nc6 11. b3 h6 12. Be3 d5 13. c5 Nc8 14. Qd2 b6 15. Na4 N8e7 16. Rac1 a6 17. cxb6 cxb6 18. Nh2 Qc7 19. Ng4 Bxg4 20. hxg4 Qb7 21. g3 Rfc8 22. Kg2 Nd8 23. f4 g6 24. Rxc8 Rxc8 25. Rh1 Ne6 26. f5 Ng5 27. Rxh6 Ne4 28. Qd3 Bg7 29. Rh1 gxf5 30. Rc1 Rxc1 31. Bxc1 Qc6 32. Ba3 Bf6 33. Bb4 a5 34. Ba3 fxg4 35. Bxg4 Bg5 36. Bxe7 Bxe7 37. Bf5 b5 38. Nc5 Nxc5 39. dxc5 Qxc5 40. Qe2 Bf6 41. Bd3 b4 42. Qg4+ Kf8 43. Qf4 Qc6 44. Kh3 Qe6+ 45. Kg2 Be5 46. Qg5 f6 47. Qh6+ Ke7 48. Qh7+ Kd6 49. Qa7 Qg4 50. Qb6+ Ke7 51. Qc5+ Bd6 52. Qe3+ Be5 53. Qc5+ Bd6 54. Qe3+ Be5 55. Qc5+ Bd6 1/2-1/2

[Event "Moscow op 10"]
[Site "Moscow"]
[Date "2009.10.27"]
[Round "7"]
[White "Prokopchuk, Yury"]
[Black "Turutin, Alexander"]
[Result "1-0"]
[WhiteElo "2275"]
[BlackElo "2381"]
[PlyCount "69"]
[EventDate "2009.10.17"]
[EventType "swiss"]
[EventRounds "9"]
[EventCountry "RUS"]
[SourceTitle "EXT 2010"]
[Source "ChessBase"]
[SourceDate "2010.11.25"]
[SourceVersion "1"]
[SourceVersionDate "2010.11.25"]
[SourceQuality "1"]

1. Nf3 Nf6 2. c4 g6 3. Nc3 Bg7 4. e4 d6 5. d4 0-0 6. Be2 Nbd7 7. 0-0 e5 8. Re1 exd4 9. Nxd4 Re8 10. Bf1 Nc5 11. f3 c6 12. Be3 a5 13. Qd2 a4 14. Rad1 Qb6 15. Kh1 Nfd7 16. Nde2 Bf8 17. Ng3 h5 18. Bd4 Kh7 19. Qf4 f6 20. Nxh5 gxh5 21. Qf5+ Kg7 22. Qxh5 Re5 23. Qg4+ Kf7 24. f4 Re6 25. Re3 Ke7 26. Rh3 Kd8 27. Rh8 Re7 28. Qg6 Kc7 29. Bxf6 Re6 30. e5 dxe5 31. Rxf8 Qxb2 32. Qg7 Qxc3 33. Bxe5+ Rxe5 34. fxe5 Ne6 35. Rxc8+ 1-0

[Event "Moscow op-A"]
[Site "Moscow"]
[Date "2009.02.04"]
[Round "5"]
[White "Prokopchuk, Yury"]
[Black "Apryshko, Gleb"]
[Result "1-0"]
[WhiteElo "2310"]
[BlackElo "2074"]
[PlyCount "83"]
[EventDate "2009.01.31"]
[EventType "swiss"]
[EventRounds "9"]
[EventCountry "RUS"]
[SourceTitle "EXT 2022"]
[Source "ChessBase"]
[SourceDate "2021.10.06"]
[SourceVersion "1"]
[SourceVersionDate "2021.10.06"]
[SourceQuality "1"]

1. d4 e6 2. Nf3 Nf6 3. g3 b5 4. Bg2 Bb7 5. 0-0 c5 6. c3 Na6 7. Nbd2 Be7 8. Re1 d5 9. Ne5 Qb6 10. Ndf3 0-0 11. Bg5 Rfd8 12. Ng4 Nxg4 13. Bxe7 Re8 14. Bg5 h6 15. Bf4 Rac8 16. h3 Nf6 17. a3 Ne4 18. Be3 Qd6 19. Nd2 f5 20. Nxe4 dxe4 21. dxc5 Qf8 22. b4 Nc7 23. Qd6 Qf6 24. c6 Ba8 25. Bd4 Qg6 26. Bxa7 Nd5 27. Qe5 Rxc6 28. Bc5 Ra6 29. e3 Bc6 30. a4 Rxa4 31. Rxa4 bxa4 32. c4 Nf6 33. b5 Bb7 34. Bd4 Qf7 35. Ra1 Ra8 36. c5 Bd5 37. c6 Qe7 38. Bf1 Ne8 39. Rc1 Rc8 40. Bc4 Rd8 41. Bxd5 Rxd5 42. Qb8 1-0

[Event "Moscow op-A"]
[Site "Moscow"]
[Date "2009.02.03"]
[Round "4"]
[White "Markevich, Arseniy"]
[Black "Prokopchuk, Yury"]
[Result "0-1"]
[WhiteElo "2116"]
[BlackElo "2310"]
[PlyCount "64"]
[EventDate "2009.01.31"]
[EventType "swiss"]
[EventRounds "9"]
[EventCountry "RUS"]
[SourceTitle "EXT 2022"]
[Source "ChessBase"]
[SourceDate "2021.10.06"]
[SourceVersion "1"]
[SourceVersionDate "2021.10.06"]
[SourceQuality "1"]

1. d4 Nf6 2. Bg5 Ne4 3. Bf4 c5 4. f3 Qa5+ 5. c3 Nf6 6. Nd2 cxd4 7. Nb3 Qf5 8. Bxb8 Rxb8 9. Qxd4 b6 10. e4 Qf4 11. Nh3 Qc7 12. e5 Ng8 13. Bd3 e6 14. f4 Ne7 15. 0-0 Bb7 16. Ng5 Nc6 17. Qe3 h6 18. Qh3 Be7 19. Qh5 Bxg5 20. fxg5 Nxe5 21. Nd4 g6 22. Qh3 Nxd3 23. Qxd3 hxg5 24. g3 Qe5 25. Rae1 Qd5 26. Rf3 g4 27. c4 Qh5 28. Rf2 0-0 29. Nb5 d5 30. Nxa7 dxc4 31. Qxc4 Qa5 32. b4 Qxa7 0-1

[Event "Moscow op-A"]
[Site "Moscow"]
[Date "2009.02.01"]
[Round "2"]
[White "Kharitonov, Alexandr"]
[Black "Prokopchuk, Yury"]
[Result "1-0"]
[WhiteElo "2537"]
[BlackElo "2310"]
[PlyCount "51"]
[EventDate "2009.01.31"]
[EventType "swiss"]
[EventRounds "9"]
[EventCountry "RUS"]
[SourceTitle "EXT 2022"]
[Source "ChessBase"]
[SourceDate "2021.10.06"]
[SourceVersion "1"]
[SourceVersionDate "2021.10.06"]
[SourceQuality "1"]

1. d4 Nf6 2. c4 d6 3. Nf3 Bg4 4. g3 Bxf3 5. exf3 c6 6. d5 g6 7. Nc3 Bg7 8. Bg2 0-0 9. 0-0 Re8 10. f4 e6 11. dxe6 Rxe6 12. f5 gxf5 13. Qd3 Qa5 14. Bd2 Ne4 15. Nxe4 fxe4 16. Bxe4 Qh5 17. Bf5 Re8 18. Rae1 Na6 19. b4 Rad8 20. a3 Nc7 21. Rxe8+ Nxe8 22. Re1 Bf6 23. g4 Qh4 24. Re3 Ng7 25. Rh3 Nxf5 26. Rxh4 1-0

[Event "Moscow op-A"]
[Site "Moscow"]
[Date "2009.01.31"]
[Round "1"]
[White "Prokopchuk, Yury"]
[Black "Matinian, Nikita"]
[Result "0-1"]
[WhiteElo "2310"]
[BlackElo "2361"]
[PlyCount "56"]
[EventDate "2009.01.31"]
[EventType "swiss"]
[EventRounds "9"]
[EventCountry "RUS"]
[SourceTitle "EXT 2022"]
[Source "ChessBase"]
[SourceDate "2021.10.06"]
[SourceVersion "1"]
[SourceVersionDate "2021.10.06"]
[SourceQuality "1"]

1. d4 Nf6 2. Bg5 c5 3. Bxf6 gxf6 4. dxc5 e6 5. Nd2 Bxc5 6. Ne4 d5 7. Nxc5 Qa5+ 8. c3 Qxc5 9. Qd4 Qe7 10. Nf3 Nc6 11. Qd2 Bd7 12. e3 0-0-0 13. Be2 Rhg8 14. g3 Kb8 15. 0-0 e5 16. Rfd1 Bg4 17. Ne1 e4 18. Bxg4 Rxg4 19. Qe2 Qe6 20. Rd2 Ne5 21. Rad1 Qf5 22. Qb5 a6 23. Qa5 Nc6 24. Qb6 Rdg8 25. c4 d4 26. exd4 h5 27. Kg2 h4 28. Qc5 Qh7 0-1

[Event "Moscow op"]
[Site "Moscow"]
[Date "2008.05.02"]
[Round "3"]
[White "Vasilkova, Svetlana"]
[Black "Prokopchuk, Yury"]
[Result "1/2-1/2"]
[WhiteElo "2373"]
[BlackElo "2351"]
[PlyCount "52"]
[EventDate "2008.04.30"]
[EventType "swiss"]
[EventRounds "9"]
[EventCountry "RUS"]
[SourceTitle "CBM 124 Extra"]
[Source "ChessBase"]
[SourceDate "2008.07.03"]
[SourceVersion "1"]
[SourceVersionDate "2008.07.03"]
[SourceQuality "1"]

1. e4 Nf6 2. e5 Nd5 3. d4 d6 4. c4 Nb6 5. exd6 exd6 6. Nc3 Be7 7. Bd3 Nc6 8. Nge2 0-0 9. 0-0 Bf6 10. Be3 Nb4 11. b3 Nxd3 12. Qxd3 g6 13. Ng3 Bg7 14. d5 Nd7 15. Bd4 Nc5 16. Qd2 a5 17. Bxg7 Kxg7 18. Nce4 Nxe4 19. Nxe4 f5 20. Qd4+ Kg8 21. Nc3 b6 22. Rfe1 Bd7 23. a4 Qf6 24. Qxf6 Rxf6 25. f4 Rff8 26. Re7 Rf7 1/2-1/2